<?xml version="1.0" encoding="UTF-8"?>
<collection xmlns="http://www.loc.gov/MARC21/slim">
 <record>
  <leader>02347nam a22003017a 4500</leader>
  <controlfield tag="001">NCT_90320</controlfield>
  <controlfield tag="008">210621b        xxu||||| |||| 00| 0 vie d</controlfield>
  <datafield tag="999" ind1=" " ind2=" ">
   <subfield code="c">4456</subfield>
   <subfield code="d">4456</subfield>
  </datafield>
  <datafield tag="020" ind1=" " ind2=" ">
   <subfield code="c">30000</subfield>
  </datafield>
  <datafield tag="082" ind1="0" ind2="4">
   <subfield code="2">23rd ed.</subfield>
   <subfield code="a">913.04</subfield>
   <subfield code="b">D500L</subfield>
  </datafield>
  <datafield tag="245" ind1="0" ind2="0">
   <subfield code="a">Du lịch vòng quanh thế giới :</subfield>
   <subfield code="b">Trung Quốc</subfield>
   <subfield code="c">Anh Côi (Biên dịch)</subfield>
  </datafield>
  <datafield tag="260" ind1=" " ind2=" ">
   <subfield code="a">H.</subfield>
   <subfield code="b">Thanh niên</subfield>
   <subfield code="c">2012</subfield>
  </datafield>
  <datafield tag="300" ind1=" " ind2=" ">
   <subfield code="a">162 tr.</subfield>
   <subfield code="b">Minh họa</subfield>
   <subfield code="c">19cm</subfield>
  </datafield>
  <datafield tag="520" ind1="3" ind2=" ">
   <subfield code="a">Sách trình bày về đặc điểm dân tộc, địa lý, khí hậu, cảnh quan thiên nhiên, lịch sử, con người, giáo dục, văn hóa, ẩm thực,...của Trung Quốc.</subfield>
  </datafield>
  <datafield tag="653" ind1=" " ind2=" ">
   <subfield code="a">Quản trị du lịch</subfield>
  </datafield>
  <datafield tag="700" ind1="1" ind2=" ">
   <subfield code="a">Anh Côi </subfield>
   <subfield code="e">Biên dịch</subfield>
  </datafield>
  <datafield tag="942" ind1=" " ind2=" ">
   <subfield code="2">ddc</subfield>
   <subfield code="c">BK</subfield>
  </datafield>
  <datafield tag="952" ind1=" " ind2=" ">
   <subfield code="0">0</subfield>
   <subfield code="1">0</subfield>
   <subfield code="2">ddc</subfield>
   <subfield code="4">0</subfield>
   <subfield code="6">913_040000000000000_D500L</subfield>
   <subfield code="7">0</subfield>
   <subfield code="9">21344</subfield>
   <subfield code="a">000001</subfield>
   <subfield code="b">000001</subfield>
   <subfield code="d">2021-06-21</subfield>
   <subfield code="o">913.04 D500L</subfield>
   <subfield code="p">MD.18627</subfield>
   <subfield code="r">2021-06-21</subfield>
   <subfield code="v">30000.00</subfield>
   <subfield code="w">2021-06-21</subfield>
   <subfield code="y">BK</subfield>
  </datafield>
  <datafield tag="952" ind1=" " ind2=" ">
   <subfield code="0">0</subfield>
   <subfield code="1">0</subfield>
   <subfield code="2">ddc</subfield>
   <subfield code="4">0</subfield>
   <subfield code="6">913_040000000000000_D500L</subfield>
   <subfield code="7">0</subfield>
   <subfield code="9">21345</subfield>
   <subfield code="a">000001</subfield>
   <subfield code="b">000001</subfield>
   <subfield code="d">2021-06-21</subfield>
   <subfield code="o">913.04 D500L</subfield>
   <subfield code="p">MD.18628</subfield>
   <subfield code="r">2021-06-21</subfield>
   <subfield code="v">30000.00</subfield>
   <subfield code="w">2021-06-21</subfield>
   <subfield code="y">BK</subfield>
  </datafield>
  <datafield tag="952" ind1=" " ind2=" ">
   <subfield code="0">0</subfield>
   <subfield code="1">0</subfield>
   <subfield code="2">ddc</subfield>
   <subfield code="4">0</subfield>
   <subfield code="6">913_040000000000000_D500L</subfield>
   <subfield code="7">0</subfield>
   <subfield code="9">21346</subfield>
   <subfield code="a">000001</subfield>
   <subfield code="b">000001</subfield>
   <subfield code="d">2021-06-21</subfield>
   <subfield code="o">913.04 D500L</subfield>
   <subfield code="p">MD.18629</subfield>
   <subfield code="r">2021-06-21</subfield>
   <subfield code="v">30000.00</subfield>
   <subfield code="w">2021-06-21</subfield>
   <subfield code="y">BK</subfield>
  </datafield>
  <datafield tag="952" ind1=" " ind2=" ">
   <subfield code="0">0</subfield>
   <subfield code="1">0</subfield>
   <subfield code="2">ddc</subfield>
   <subfield code="4">0</subfield>
   <subfield code="6">913_040000000000000_D500L</subfield>
   <subfield code="7">0</subfield>
   <subfield code="9">21347</subfield>
   <subfield code="a">000001</subfield>
   <subfield code="b">000001</subfield>
   <subfield code="d">2021-06-21</subfield>
   <subfield code="o">913.04 D500L</subfield>
   <subfield code="p">MD.18630</subfield>
   <subfield code="r">2021-06-21</subfield>
   <subfield code="v">30000.00</subfield>
   <subfield code="w">2021-06-21</subfield>
   <subfield code="y">BK</subfield>
  </datafield>
  <datafield tag="952" ind1=" " ind2=" ">
   <subfield code="0">0</subfield>
   <subfield code="1">0</subfield>
   <subfield code="2">ddc</subfield>
   <subfield code="4">0</subfield>
   <subfield code="6">913_040000000000000_D500L</subfield>
   <subfield code="7">0</subfield>
   <subfield code="9">21348</subfield>
   <subfield code="a">000001</subfield>
   <subfield code="b">000001</subfield>
   <subfield code="d">2021-06-21</subfield>
   <subfield code="o">913.04 D500L</subfield>
   <subfield code="p">MD.18631</subfield>
   <subfield code="r">2021-06-21</subfield>
   <subfield code="v">30000.00</subfield>
   <subfield code="w">2021-06-21</subfield>
   <subfield code="y">BK</subfield>
  </datafield>
  <datafield tag="952" ind1=" " ind2=" ">
   <subfield code="0">0</subfield>
   <subfield code="1">0</subfield>
   <subfield code="2">ddc</subfield>
   <subfield code="4">0</subfield>
   <subfield code="6">913_040000000000000_D500L</subfield>
   <subfield code="7">0</subfield>
   <subfield code="9">21349</subfield>
   <subfield code="a">000001</subfield>
   <subfield code="b">000001</subfield>
   <subfield code="d">2021-06-21</subfield>
   <subfield code="o">913.04 D500L</subfield>
   <subfield code="p">MD.18632</subfield>
   <subfield code="r">2021-06-21</subfield>
   <subfield code="v">30000.00</subfield>
   <subfield code="w">2021-06-21</subfield>
   <subfield code="y">BK</subfield>
  </datafield>
  <datafield tag="952" ind1=" " ind2=" ">
   <subfield code="0">0</subfield>
   <subfield code="1">0</subfield>
   <subfield code="2">ddc</subfield>
   <subfield code="4">0</subfield>
   <subfield code="6">913_040000000000000_D500L</subfield>
   <subfield code="7">0</subfield>
   <subfield code="9">21350</subfield>
   <subfield code="a">000001</subfield>
   <subfield code="b">000001</subfield>
   <subfield code="d">2021-06-21</subfield>
   <subfield code="o">913.04 D500L</subfield>
   <subfield code="p">MD.18633</subfield>
   <subfield code="r">2021-06-21</subfield>
   <subfield code="v">30000.00</subfield>
   <subfield code="w">2021-06-21</subfield>
   <subfield code="y">BK</subfield>
  </datafield>
  <datafield tag="952" ind1=" " ind2=" ">
   <subfield code="0">0</subfield>
   <subfield code="1">0</subfield>
   <subfield code="2">ddc</subfield>
   <subfield code="4">0</subfield>
   <subfield code="6">913_040000000000000_D500L</subfield>
   <subfield code="7">0</subfield>
   <subfield code="9">21351</subfield>
   <subfield code="a">000001</subfield>
   <subfield code="b">000001</subfield>
   <subfield code="d">2021-06-21</subfield>
   <subfield code="o">913.04 D500L</subfield>
   <subfield code="p">MD.18634</subfield>
   <subfield code="r">2021-06-21</subfield>
   <subfield code="v">30000.00</subfield>
   <subfield code="w">2021-06-21</subfield>
   <subfield code="y">BK</subfield>
  </datafield>
  <datafield tag="952" ind1=" " ind2=" ">
   <subfield code="0">0</subfield>
   <subfield code="1">0</subfield>
   <subfield code="2">ddc</subfield>
   <subfield code="4">0</subfield>
   <subfield code="6">913_040000000000000_D500L</subfield>
   <subfield code="7">0</subfield>
   <subfield code="9">21352</subfield>
   <subfield code="a">000001</subfield>
   <subfield code="b">000001</subfield>
   <subfield code="d">2021-06-21</subfield>
   <subfield code="o">913.04 D500L</subfield>
   <subfield code="p">MD.18635</subfield>
   <subfield code="r">2021-06-21</subfield>
   <subfield code="v">30000.00</subfield>
   <subfield code="w">2021-06-21</subfield>
   <subfield code="y">BK</subfield>
  </datafield>
  <datafield tag="952" ind1=" " ind2=" ">
   <subfield code="0">0</subfield>
   <subfield code="1">0</subfield>
   <subfield code="2">ddc</subfield>
   <subfield code="4">0</subfield>
   <subfield code="6">913_040000000000000_D500L</subfield>
   <subfield code="7">0</subfield>
   <subfield code="9">21353</subfield>
   <subfield code="a">000001</subfield>
   <subfield code="b">000001</subfield>
   <subfield code="d">2021-06-21</subfield>
   <subfield code="o">913.04 D500L</subfield>
   <subfield code="p">MD.18636</subfield>
   <subfield code="r">2021-06-21</subfield>
   <subfield code="v">30000.00</subfield>
   <subfield code="w">2021-06-21</subfield>
   <subfield code="y">BK</subfield>
  </datafield>
  <datafield tag="980" ind1=" " ind2=" ">
   <subfield code="a">Thư viện Trường Đại học Nam Cần Thơ</subfield>
  </datafield>
 </record>
</collection>
